00484nam a2200205Ia 450000500170000000800460001702000180006303700100008104000080009104000080009904000080010704100080011504100080012308400080013124500380013926000310017726000090020865000120021785600490022920260306150627.0008 260114s9999 xx 000 0 eng d a9780691222486 aEbook aCRL beng cCRL 2eng aeng qCRL 0aClassical and Celestial Mechanics bPrinceton University Press c2003 aPhysics uhttps://www.degruyter.com/isbn/9780691222486